|
|
|
|
| LEADER |
00000nam a22000007a 4500 |
| 008 |
170131b2014 CR ||||| |||| 00| | spa d |
| 999 |
|
|
|c 3381
|d 3381
|
| 090 |
|
|
|a 06.03.05
|b 2256
|
| 100 |
1 |
|
|9 1820
|a Masis Fernández, Karen Gabriela
|
| 245 |
1 |
0 |
|a Formación para personas facilitadoras de procesos de enseñanza aprendizaje con personas adultas y adultas mayores /
|c Karen Gabriela Masís Fernández, María José Víquez Barrantes
|
| 260 |
|
|
|a [San José, Costa Rica] :
|b INIE,
|c 2014-
|
| 300 |
|
|
|a 1 volumen (en varias paginaciones)
|
| 500 |
|
|
|a Informe resultados de proyecto de Acción Social ED-3053
|
| 500 |
|
|
|a La Unidad posee informes 2014, 2015, 2016,2017
|
| 500 |
|
|
|a La vigencia del informe 2016, comprende del 1 de enero de 2016 al 13 de marzo 2017
|
| 500 |
|
|
|a La vigencia del informe 2017, comprende del 14 de marzo 2017 al 31 de diciembre de 2018
|
| 650 |
1 |
4 |
|9 809
|a EDUCACIÓN DE ADULTOS
|
| 650 |
1 |
4 |
|9 729
|a CAPACITACIÓN
|
| 700 |
1 |
|
|9 1821
|a Víquez Barrantes, María José
|
| 942 |
|
|
|i 003963,004157,004308,004403,004558,001362
|h 06.03.05 2256
|2 z
|c 04
|